书目信息 |
| 题名: |
精彩素描静物·肖像
|
|
| 作者: | 刘晓东 , 松果 编著 | |
| 分册: | ||
| 出版信息: | 长春 吉林美术出版社 2004.01 |
|
| 页数: | 48页 | |
| 开本: | 20cm | |
| 丛书名: | ||
| 单 册: | ||
| 中图分类: | J226 | |
| 科图分类: | ||
| 主题词: | 绘画--中国 | |
| 电子资源: | ||
| ISBN: | 7-5386-1566-0 | |
| 000 | 00616nam0 2200205 450 | |
| 001 | 0561289873 | |
| 005 | 20050530170129.87 | |
| 010 | @a7-5386-1566-0@dCNY 15.00 | |
| 100 | @a20050530d2004 km y0chiy0120 ea | |
| 101 | 0 | @achi |
| 102 | @aCN@b220000 | |
| 200 | 1 | @a精彩素描静物·肖像@Ajing cai su miao jing wu·xiao xiang@f刘晓东,松果编著@Fliu xiao dong,song guo bian zhu |
| 210 | @a长春@c吉林美术出版社@d2004.01 | |
| 215 | @a48页@d20cm | |
| 606 | 0 | @a绘画@x中国 |
| 690 | @aJ226@v4 | |
| 701 | 0 | @a刘晓东@Aliu xiao dong@4编著 |
| 701 | 0 | @a松果@Asong guo@4编著 |
| 801 | 0 | @aCN@bPFT@c20050530 |
| 905 | @a10447@dJ226@eL690 | |
| 精彩素描静物·肖像/刘晓东,松果编著.-长春:吉林美术出版社,2004.01 |
| 48页;20cm |
| ISBN 7-5386-1566-0:CNY 15.00 |
| ● |
| 相关链接 |
|
|
|
正题名:精彩素描静物·肖像
索取号:J226/L690
 
预约/预借
| 序号 | 登录号 | 条形码 | 馆藏地/架位号 | 状态 | 备注 |
| 1 | 533736 | 205337367 | 社科库309/309社科库 76排2列6层/ [索取号:J226/L690] | 在馆 | |
| 2 | 533737 | 205337376 | 社科库309/309社科库 76排2列6层/ [索取号:J226/L690] | 在馆 |